Statistics for Which State? Multiple Choice Quiz

Click here to take the quiz!

General Stats

  • This quiz has been taken 454 times
  • The average score is 5 of 10

Answer Stats

QuestionAnswer% Correct
Contains the hottest place in the United States?California
66%
Is the largest producer of apples?Washington
62%
Contains five mountains over 15,000 feet in elevation?Alaska
58%
Has a population of less than 10 million?Arizona
55%
Is home to the richest person in the world?Washington
52%
Has the highest HDI rating?Massachusetts
44%
Has the highest number of endangered species?Hawaii
41%
Has a rate of obesity rate of 19%, the lowest in the United States?Hawaii
37%
Has had the highest number of earthquakes?Alaska
36%
Has the highest murder rate?Louisiana
32%

Score Distribution

Percentile by Number Answered

Percent of People with Each Score

Your Score History

You have not taken this quiz